00328 a2200097 4500001001000000005001700010008004100027245007000068100002500138773006700163ART_1296620260410161734.0260409a 10aTabúes y preconceptos en materia de política fiscal Argentina1 aBrodersohn, Mario S.0 tEjecutivos de finanzasg- Año 4, Nº 33 (nov. 1986)wREV2863